| 000 | 00584nam a2200205 4500 | ||
|---|---|---|---|
| 005 | 20260209124240.0 | ||
| 008 | 260209b |||||||| |||| 00| 0 eng d | ||
| 020 | _a9788197869945 | ||
| 037 | _cSatyam books | ||
| 040 |
_aFLL _cFLL |
||
| 041 |
_2eng _aeng |
||
| 084 |
_aY5927.2 R5 _b1 _qFLL |
||
| 100 |
_aArora,Sarthak _91114585 |
||
| 245 |
_aCommentary on Schedule cast and the schedule tribes _bprevention atrocities act,1989 |
||
| 250 | _a1st | ||
| 260 |
_aDelhi _bWhitesmann _c2025 |
||
| 300 | _axl,1383p | ||
| 650 |
_aConstitutional Law _91114586 |
||
| 942 |
_2CC _n0 _cTB _e1st |
||
| 999 |
_c1678988 _d1678988 |
||